Kenya 1999 population and housing census : (Record no. 174)
[ view plain ]
| 000 -LEADER | |
|---|---|
| fixed length control field | 01034cam a2200313 a 4500 |
| 001 - CONTROL NUMBER | |
| control field | 13423981 |
| 003 - CONTROL NUMBER IDENTIFIER | |
| control field | OSt |
| 005 - DATE AND TIME OF LATEST TRANSACTION | |
| control field | 20230602144505.0 |
| 008 - FIXED-LENGTH DATA ELEMENTS--GENERAL INFORMATION | |
| fixed length control field | 030923s2002 ke a s f000 0 eng |
| 010 ## - LIBRARY OF CONGRESS CONTROL NUMBER | |
| LC control number | 2003405771 |
| 035 ## - SYSTEM CONTROL NUMBER | |
| System control number | (DLC) 2003405771 |
| 040 ## - CATALOGING SOURCE | |
| Original cataloging agency | DLC |
| Transcribing agency | DLC |
| Modifying agency | DLC |
| 042 ## - AUTHENTICATION CODE | |
| Authentication code | lcode |
| 043 ## - GEOGRAPHIC AREA CODE | |
| Geographic area code | f-ke--- |
| 082 00 - DEWEY DECIMAL CLASSIFICATION NUMBER | |
| Classification number | 304.096762 |
| Item number | KEN |
| 110 ## - MAIN ENTRY--CORPORATE NAME | |
| Subordinate unit | Central Bureau of Statistics |
| 245 00 - TITLE STATEMENT | |
| Title | Kenya 1999 population and housing census : |
| Remainder of title | Analytical Report on Labour Force |
| 260 ## - PUBLICATION, DISTRIBUTION, ETC. (IMPRINT) | |
| Place of publication, distribution, etc. | Nairobi, Kenya : |
| Name of publisher, distributor, etc. | Central Bureau of Statistics, Ministry of Finance and Planning, |
| Date of publication, distribution, etc. | August, 2002 |
| 300 ## - PHYSICAL DESCRIPTION | |
| Extent | ix, 61 p. : |
| Other physical details | col. ill. ; |
| Dimensions | 30 cm. |
| 440 ## - SERIES STATEMENT/ADDED ENTRY--TITLE | |
| Volume/sequential designation | IX |
| 500 ## - GENERAL NOTE | |
| General note | "August 2002." |
| 650 #0 - SUBJECT ADDED ENTRY--TOPICAL TERM | |
| Topical term or geographic name as entry element | Housing |
| Geographic subdivision | Kenya |
| Form subdivision | Statistics. |
| 651 #0 - SUBJECT ADDED ENTRY--GEOGRAPHIC NAME | |
| Geographic name | Kenya |
| General subdivision | Census, 1999. |
| 651 #0 - SUBJECT ADDED ENTRY--GEOGRAPHIC NAME | |
| Geographic name | Kenya |
| General subdivision | Population |
| Form subdivision | Statistics. |
| 710 1# - ADDED ENTRY--CORPORATE NAME | |
| Corporate name or jurisdiction name as entry element | Kenya. |
| Subordinate unit | Central Bureau of Statistics. |
| 906 ## - LOCAL DATA ELEMENT F, LDF (RLIN) | |
| a | 7 |
| b | cbc |
| c | origode |
| d | 3 |
| e | ncip |
| f | 20 |
| g | y-gencatlg |
| 942 ## - ADDED ENTRY ELEMENTS (KOHA) | |
| Source of classification or shelving scheme | Dewey Decimal Classification |
| Koha item type | Books |
| Withdrawn status | Lost status | Source of classification or shelving scheme | Damaged status | Not for loan | Home library | Current library | Date acquired | Total Checkouts | Full call number | Barcode | Date last seen | Price effective from | Koha item type |
|---|---|---|---|---|---|---|---|---|---|---|---|---|---|
| Dewey Decimal Classification | Bunge Tower Library | Bunge Tower Library | 06/02/2023 | 304.096762 KEN | 100014986 | 06/02/2023 | 06/02/2023 | Books |
